Everywhere, Everything by Noah Kahan - Lyrics Quiz - Statistics

General Stats
  • This quiz has been taken 569 times
  • The average score is 179 of 224
Answer Stats
Answer % Correct
every
99%
i
99%
everything
97%
everywhere
97%
in
97%
the
97%
you
97%
to
96%
where
96%
love
94%
my
94%
our
94%
'til
94%
we
94%
decompose
93%
a
92%
fingers
92%
for
92%
hand
92%
yours
92%
we're
91%
eat
89%
worms
89%
food
88%
keep
88%
wanna
83%
and
80%
it
80%
know
75%
"oh"
74%
that
74%
it's
73%
been
71%
slow
71%
long
70%
then
70%
year
70%
horror
69%
movie?
69%
would
68%
survive
67%
was
67%
too
66%
moving
65%
sun
65%
didn't
64%
drive
64%
this
64%
collapsing
63%
cried
63%
i'll
63%
not
63%
all
62%
crashing
62%
doubt
62%
buildings
61%
came
61%
on
61%
of
60%
thing
60%
bad
59%
everyone
59%
from
59%
meet
59%
tell
59%
trust
59%
bodies
58%
county
58%
slowly
58%
two
58%
with
58%
backseat
57%
dirty
57%
preteens
57%
scars
57%
seas
57%
such
57%
ain't
56%
rose
56%
speed
56%
at
55%
car's
55%
maybe
55%
intertwine
54%
pages
54%
riddled
53%
route
52%
screen
51%
book's
49%
stare
49%
dog-eared
48%
forget
46%
dear
45%
out
45%
palms
45%
read
45%
write
45%
ends
41%
hands
40%
drive-in
37%
No matching quizzes found
Score Distribution
Percent of People with Each Score
Percentile by Number Answered
Your Score History
You have not taken this quiz